La Vocación europea de el Maresme / por Jaime Castell
Publicado:
San Jorge, núm. 77 (1r trimestre 1970), pàg 39 - 41 :
MARC
| LEADER | 00000nam a2200000Ia 4500 | ||
|---|---|---|---|
| 001 | |||
| 008 | 160829s9999 xx 000 0 cat d | ||
| 100 | |a Castell, Jaume |9 33703 | ||
| 245 | |a La Vocación europea de el Maresme / por Jaime Castell | ||
| 260 | |a San Jorge, núm. 77 (1r trimestre 1970), pàg 39 - 41 | ||
| 650 | |a Indústries |x Aspectes socials |x Maresme |9 40637 | ||
| 901 | |a Arxiu | ||
| 942 | |n 1 | ||
| 952 | |0 0 |1 0 |4 0 |7 1 |9 49826 |a Arxiu |b Arxiu |d 2016-12-01 |l 0 |r 2016-12-01 00:00:00 |w 2016-12-01 |y ARXIU | ||
| 999 | |c 53668 |d 53668 | ||